Classement de la Super League Suisse - Statistiques

Statistiques générales
  • Ce quiz a été pris 111 fois
  • Le résultat moyen est 8 sur 10
Statistiques - réponses
Hint Réponse % Correct
2 Bâle
95%
3 Young Boys
90%
1 FC Zürich
87%
7 Sion
79%
6 Servette
78%
4 Lugano
74%
5 Saint-Gall
71%
10 Lausanne
69%
9 Lucerne
67%
8 Grasshopper
56%
Aucun quiz correspondant
Distribution des résultats
% des personnes avec chaque résultat
Percentile par nombre de réponses
Votre historique - résultats
Vous n’avez pas pris ce quiz